Taylor Swift - Mary's Song (Oh My My My) Lyrics - Statistics

General Stats
  • This quiz has been taken 134 times
  • The average score is 273 of 331
Answer Stats
Answer % Correct
I
100%
"I
100%
you
100%
You
100%
A
98%
In
98%
in
98%
be
96%
my
96%
my"
96%
"Oh
96%
Oh
96%
oh
96%
said
96%
Said
96%
the
96%
The
96%
we
96%
We
96%
and
95%
And
95%
me
93%
to
93%
was
93%
were
93%
where
93%
at
91%
back
89%
our
89%
Our
89%
Take
89%
up
89%
2
88%
like
88%
look
88%
love
88%
did
86%
I'll
86%
nine
86%
of
86%
seven
86%
sky
86%
stars
86%
two
86%
us
86%
you'll
86%
about
84%
fall
84%
kiss
84%
looked
84%
never
84%
shine
84%
that
84%
their
84%
when
84%
eyes
82%
falling
82%
mamas
82%
used
82%
joke
81%
on
81%
She
81%
eighty-nine
79%
eighty-seven
79%
Growing
79%
house
79%
rolled
79%
beat
77%
do"
77%
light
77%
shined
77%
smiled
77%
They
77%
tree
77%
we'd
77%
you'd
77%
bigger
75%
first
75%
Just
75%
one
75%
than
75%
too
75%
your
75%
AM
74%
daddies
74%
still
74%
very
74%
backyard
72%
dared
72%
down
72%
kids
72%
sixteen
72%
tried
72%
But
70%
cried
70%
little
70%
really
70%
girl
68%
had
68%
is
68%
ran
68%
wasn't
68%
believed
67%
time
67%
Well
67%
We'll
67%
fight
65%
got
65%
knee
65%
porch
65%
see
65%
all
63%
front
63%
lights
63%
morning
63%
pretty
63%
so
63%
doors
61%
outside
61%
slamming
61%
stayed
61%
'til
61%
years
61%
truck
60%
kissing
58%
suddenly
58%
aisle
56%
goodnight
56%
town
56%
gone
54%
rock
54%
walked
54%
world
54%
few
53%
this
53%
babies
51%
come
51%
home
51%
many
51%
wide
51%
came
49%
favorite
49%
need
49%
next
49%
sitting
49%
whole
49%
spot
47%
block
46%
After
44%
riding
44%
around
42%
before
42%
creek
42%
'stead
40%
met
39%
turned
30%
beds
28%
No matching quizzes found
Score Distribution
Percent of People with Each Score
Percentile by Number Answered
Your Score History
You have not taken this quiz